| 000 | 00433nam a2200157Ia 4500 | ||
|---|---|---|---|
| 008 | 220204s9999 xx 000 0 und d | ||
| 020 | _a0851995152 | ||
| 082 |
_a575.22:58 _bHEN |
||
| 100 | _aHenry, R J | ||
| 245 | 0 | _aPlant genotyping : The DNA fingerprinting | |
| 260 |
_aUK _bCABI _c2001 |
||
| 650 | _aMolecular marker techniques | ||
| 650 | _aPlant DNA extraction | ||
| 650 | _aPLant genetic resources genotyping | ||
| 942 | _cBK | ||
| 999 |
_c41891 _d41891 |
||